Cities with Top 50 Hotels - Statistics

General Stats
  • This quiz has been taken 40 times
  • The average score is 18 of 34
Answer Stats
Answer % Correct
Tokyo
100%
New York
97%
Paris
97%
Beijing
94%
Dubai
94%
London
94%
Los Angeles
94%
Rome
94%
Singapore
84%
Rio de Janeiro
81%
Mumbai
78%
Sydney
78%
Athens
72%
Hong Kong
72%
Bangkok
69%
Monaco
63%
Riviera Maya
59%
São Paulo
56%
Nice
50%
Vienna
50%
Florence
44%
Kyoto
38%
Bali
25%
Chocholá
16%
Brisbane
13%
Los Cabos
13%
Maldives
13%
Marrakesh
13%
Lake Como
6%
Riviera Nayarit
3%
Kruger National Park
0%
Porto Ercole
0%
Rovinj
0%
Witney
0%
No matching quizzes found
Score Distribution
Percent of People with Each Score
Percentile by Number Answered
Your Score History
You have not taken this quiz